| 000 -ლიდერი |
| ფიქსირებული სიგრძის საკონტროლო ველი |
01696nam a2200301Ia 4500 |
| 001 - საკონტროლო ნომერი |
| საკონტროლო ველი |
8179 |
| 003 - საკონტროლო ნომრის იდენტიფიკატორი |
| საკონტროლო ველი |
GE_BSU |
| 005 - ბოლო ოპერაციის თარიღი და დრო |
| საკონტროლო ველი |
20240408130632.0 |
| 008 - ფიქსირებული სიგრძის მონაცემთა ელემენტები - ზოგადი ინფორმაცია |
| ფიქსირებული სიგრძის საკონტროლო ველი |
181216s2008||||ge |||||||||||||| ||geo|| |
| 020 ## - წიგნის საერთაშორისო სტანდარტული ნომერი |
| International Standard Book Number |
100471678082 |
| 040 ## - კატალოგიზაციის წყარო |
| Transcribing agency |
GE_BSU |
| 041 ## - ენის კოდი |
| Language code of text/sound track or separate title |
geo |
| 080 ## - უნივერსალური ათობითი კლასიფიკაციის ინდექსი |
| Universal Decimal Classification number |
577.1(075.8) ბ–69 |
| 245 ## - ცნობა სათაურის შესახებ |
| Title |
ბიოქიმია კლინიკური კორელაციებით : |
| Remainder of title |
[სახელმძღვ.] / |
| Statement of responsibility, etc |
რედ. თომას მ. დევლინი ; [პროექტის ხელმძღვ. ნანა სებისკვერაძე ; მთარგმნ. : მაია ბერიძე ; რედ. : გულიკო მარგველანი]. |
| 250 ## - გამოცემის ცნობა |
| Edition statement |
მე-6 გამოცემა |
| 264 ## - წარმოების, გამოცემის, დისტრიბუციის და სხვა ცნობები |
| გამოცემის, წარმოების, დისტრიბუციის... ადგილი |
თბილისი : |
| გამოცემის, წარმოების, დისტრიბუციის... სახელწოდება |
თბილისის სახ.სამედიცინო უნ–ტი, |
| გამოცემის, წარმოების, დისტრიბუციის... თარიღი |
2008. |
| 300 ## - ფიზიკური აღწერა |
| Extent |
1208 გვ. ; |
| Dimensions |
30 სმ. |
| 500 ## - ზოგადი შენიშვნა |
| General note |
დანართი : გვ. 1121-1132 |
| 500 ## - ზოგადი შენიშვნა |
| General note |
ტერმინების განმარტება : გვ. 1133-1156 |
| 653 ## - INDEX TERM--UNCONTROLLED |
| Uncontrolled term |
ბიოქიმია კლინიკური კორელაციებით |
| 653 ## - INDEX TERM--UNCONTROLLED |
| Uncontrolled term |
ქიმია |
| 700 ## - ADDED ENTRY--PERSONAL NAME |
| Personal name |
დევლინი, თომას მ. |
| Relator term |
რედაქტორი |
| 9 (RLIN) |
21736 |
| 700 ## - ADDED ENTRY--PERSONAL NAME |
| Personal name |
სებისკვერაძე, ნანა |
| Relator term |
პროექტის ხელმძღვანელო |
| 9 (RLIN) |
6326 |
| 700 ## - ADDED ENTRY--PERSONAL NAME |
| Personal name |
ბერიძე, მაია |
| Relator term |
მთარგმნელი |
| 9 (RLIN) |
6319 |
| 700 ## - ADDED ENTRY--PERSONAL NAME |
| Personal name |
მარგველანი, გულიკო |
| Relator term |
რედაქტორი |
| 9 (RLIN) |
21737 |
| 942 ## - ADDED ENTRY ELEMENTS (KOHA) |
| Koha item type |
წიგნი |
| Source of classification or shelving scheme |
|